|
|
|
|
| LEADER |
01058nam a2200253 a 4500 |
| 001 |
721977 |
| 008 |
110519r20001998caua 001 0 eng d |
| 010 |
|
|
|a 97227578
|
| 020 |
|
|
|a 007463870x
|
| 020 |
|
|
|a 0078823927
|
| 040 |
|
|
|a DLC
|c DLC
|d DLC
|d BD-DhAAL
|
| 082 |
0 |
0 |
|a 005.13/3
|2 21
|
| 100 |
1 |
|
|a Schildt, Herbert.
|
| 245 |
1 |
0 |
|a Teach yourself C++ /
|c Herbert Schildt.
|
| 250 |
|
|
|a 3rd ed.
|
| 260 |
|
|
|a Berkeley :
|b Osborne McGraw-Hill ;
|a New Delhi :
|b Tata McGraw-Hill,
|c c1998 [Reprinted 2000]
|
| 300 |
|
|
|a xix, 747 p. :
|b ill. ;
|c 24 cm.
|
| 500 |
|
|
|a Includes index.
|
| 541 |
|
|
|e 00007640
|
| 650 |
|
0 |
|a C++ (Computer program language)
|
| 852 |
4 |
|
|a Ayesha Abed Library
|j General shelf
|
| 999 |
|
|
|c 10881
|d 10881
|
| 952 |
|
|
|0 0
|1 0
|2 ddc
|4 0
|6 005_133000000000000_SCH
|7 0
|9 16603
|a BRACUL
|b BRACUL
|c GEN
|d 2011-05-22
|l 13
|m 132
|o 005.133 SCH
|p 3010007640
|r 2025-05-04
|s 2025-04-10
|t 1
|w 2011-05-22
|y BK
|
| 952 |
|
|
|0 0
|1 0
|2 ddc
|4 0
|6 005_133000000000000_SCH
|7 0
|9 16604
|a BRACUL
|b BRACUL
|c GEN
|d 2011-05-22
|l 3
|m 39
|o 005.133 SCH
|p 3010007741
|q 2021-06-01
|r 2018-07-18
|s 2018-07-18
|t 2
|w 2011-05-22
|y BK
|